| 000 | 00357nam a2200145Ia 4500 | ||
|---|---|---|---|
| 008 | 240624s9999 xx 000 0 und d | ||
| 041 | _aeng | ||
| 082 | _a658.8 HUL | ||
| 100 | _aHULT G THOMAS M | ||
| 245 | _aMARKETING | ||
| 250 | _a(10th ed.) | ||
| 260 |
_c2012 _aAustralia _bCengage Learning |
||
| 300 | _axxix, : 656 : p. : cm. ; 27 | ||
| 365 |
_cGBP _b25 |
||
| 999 |
_c26721 _d26721 |
||